00811nam a2200253Ia 4500001000700000003000500007008004100012010001100053040000900064090001600073100003800089245008000127260004800207300001100255502006400266650002400330901001600354902000600370910000900376942000600385942000600391999001900397952014100416Z_4797CHAP220113s1983 xx 000 0 und d a167850 cCHAP aTesis G 292 aGonzález Reyna, Arnoldo9142108 aThe postpartum period in the peliguey ewe /cpor Arnoldo González Reyna aSaskatoon, Saskatchewan :bEl autor,c1983 a316 h. aThesis (Doctor of Philosophy) -- University of Saskatchewan aGanado lanar945150 aTESIS G 292 aM a1983 c2 c2 c167850d167850 00102local4051708TESISaZbZd2005-11-09eEl autorl0oTesis G66 292 1983p5101000430r2022-01-18 00:00:00tEj.1w2022-01-18yTESIS